Online
Catalog
Normal view MARC view

Entry Nombre corporativo

Number of records used in: 41

001 - NÚMERO DE CONTROL

  • campo de control: 18778

003 - IDENTIFICADOR DEL NÚMERO DE CONTROL

  • campo de control: DO-SdBNP

005 - FECHA Y HORA DE LA ÚLTIMA TRANSACCIÓN

  • campo de control: 20250701121838.0

008 - DATOS DE LONGITUD FIJA

  • campo de control de longitud fija: 200615|| aca||aabn | a|a d

040 ## - FUENTE DE LA CATALOGACIÓN

  • Centro catalogador/agencia de origen: DO-SdBNP
  • Lengua de catalogación: spa
  • Centro/agencia transcriptor: BNPHU
  • Normas de descripción: rda

110 1# - ENCABEZAMIENTO-NOMBRE DE ENTIDAD CORPORATIVA

  • Nombre de entidad corporativa o nombre de jurisdicción como elemento de entrada: República Dominicana.
  • Unidad subordinada: Secretaría de Estado de Educación Superior, Ciencia y Tecnología

410 2# - TRAZADO DE VÉASE--NOMBRE DE ENTIDAD CORPORATIVA

  • Nombre de entidad corporativa o nombre de jurisdicción como elemento de entrada: SEESCYT

410 1# - TRAZADO DE VÉASE--NOMBRE DE ENTIDAD CORPORATIVA

  • Nombre de entidad corporativa o nombre de jurisdicción como elemento de entrada: República Dominicana.
  • Unidad subordinada: Educación Superior, Ciencia y Tecnología, Secretaría de Estado de

510 ## - TRAZADO DE VÉASE ADEMÁS--NOMBRE DE ENTIDAD CORPORATIVA

  • Información de relación/Frase instructiva de referencia: Successor
  • Nombre de entidad corporativa o nombre de jurisdicción como elemento de entrada: Dominican Republic.
  • Unidad subordinada: Ministerio de Educación Superior, Ciencia y Tecnología
  • Subcampo de control: r

670 ## - FUENTE DE DATOS ENCONTRADOS

  • Cita de la fuente: Work cat.: (OSt)6532: Innovación, educación superior y actividad empresarial en la República Dominicana :, 2007.

670 ## - FUENTE DE DATOS ENCONTRADOS

  • Cita de la fuente: República Dominicana. Ley 139-01 de educación superior, ciencia y tecnología, 2002:
  • Información encontrada: portada (Secretaría de Estado de Educación Superior, Ciencia y Tecnología (SEESCYT))

Powered by Koha